[Event "Kandidatklassen 1996"]
[Site "Randers"]
[Date "1996.04.02"]
[Round "1"]
[White "Brondum, Eric"]
[Black "Olesen, Poul Erik Norgaard"]
[Result "1/2-1/2"]
[WhiteElo "2227"]
[BlackElo "2136"]
[PlyCount "43"]
[EventDate "1996.??.??"]

1. d4 Nf6 2. c4 g6 3. Nc3 Bg7 4. e4 d6 5. Nf3 O-O 6. h3 e5 7. d5 Nbd7 8. Bg5 a5
9. Nd2 Nc5 10. g4 Qd7 11. Rg1 Ne8 12. Qe2 f5 13. gxf5 gxf5 14. O-O-O Kh8 15. f3
Qf7 16. Be3 Qh5 17. Qg2 Bd7 18. Kb1 Rg8 19. Qg5 Nf6 20. Qxh5 Nxh5 21. Nb5 Na6
22. Rg5 1/2-1/2

[Event "Kandidatklassen 1996"]
[Site "Randers"]
[Date "1996.04.02"]
[Round "1"]
[White "Christensen, Thomas K"]
[Black "Pedersen, Daniel Vesterbaek"]
[Result "0-1"]
[WhiteElo "2180"]
[BlackElo "2281"]
[PlyCount "77"]
[EventDate "1996.??.??"]

1. d4 d5 2. c4 dxc4 3. Nf3 c6 4. e3 b5 5. a4 e6 6. axb5 cxb5 7. b3 Bb4+ 8. Bd2
Bxd2+ 9. Qxd2 a5 10. bxc4 b4 11. c5 Nf6 12. Ne5 O-O 13. Bb5 Ba6 14. Qe2 Qc7 15.
O-O Rd8 16. Rc1 Ra7 17. h3 Nd5 18. Ra4 Bxb5 19. Qxb5 f6 20. Nc4 Nc6 21. Nd6 Qd7
22. Qc4 Nxd4 23. Ra2 Nc6 24. e4 Ne5 25. Qb5 Nc7 26. Qe2 Qc6 27. Rd2 a4 28. f4
Ng6 29. Qc4 a3 30. Ra2 Nxf4 31. Kh2 Ra4 32. g3 Ng6 33. Nd2 Ne5 34. Qe2 Na6 35.
Nb3 Nxc5 36. Rxc5 Qxd6 37. Rd2 Qxd2 38. Nxd2 Rxd2 39. Qxd2 0-1

[Event "Kandidatklassen 1996"]
[Site "Randers"]
[Date "1996.04.02"]
[Round "1"]
[White "Hansen, Lars"]
[Black "Hartvig, Ove Weiss"]
[Result "1-0"]
[WhiteElo "2225"]
[BlackElo "2315"]
[PlyCount "113"]
[EventDate "1996.??.??"]

1. e4 c6 2. d4 d5 3. Nd2 dxe4 4. Nxe4 Nf6 5. Nxf6+ exf6 6. c3 Bd6 7. Bd3 O-O 8.
Ne2 Qc7 9. Qc2 Kh8 10. Be3 Re8 11. O-O-O Be6 12. Kb1 Nd7 13. h4 c5 14. h5 Nf8
15. Bf5 c4 16. d5 Bd7 17. g4 b5 18. Nd4 Rab8 19. Bxd7 Nxd7 20. Nc6 Rb7 21. Bd4
Be5 22. Rhe1 Rg8 23. Bxe5 fxe5 24. Qf5 f6 25. Ne7 Re8 26. d6 Qd8 27. Rh1 Nf8
28. h6 Qd7 29. hxg7+ Kxg7 30. Qh5 b4 31. g5 Rxe7 32. Qh6+ Kg8 33. dxe7 Qf5+ 34.
Ka1 Rxe7 35. gxf6 Rf7 36. cxb4 Rxf6 37. Rhg1+ Rg6 38. Rxg6+ hxg6 39. Qd2 Ne6
40. Qd5 Kg7 41. Qxc4 Nd4 42. Qc7+ Kf6 43. Qd8+ Ke6 44. Qc8+ Kd5 45. Qxf5 gxf5
46. Kb1 Ke4 47. a4 Kf3 48. Rd2 f4 49. b5 Nb3 50. Rd3+ Kxf2 51. Rxb3 f3 52. a5
e4 53. b6 axb6 54. a6 Ke2 55. Rc3 e3 56. a7 f2 57. Rc1 1-0

[Event "Kandidatklassen 1996"]
[Site "Randers"]
[Date "1996.04.02"]
[Round "1"]
[White "Hoiberg, Nina"]
[Black "Friis, Carsten Bank"]
[Result "0-1"]
[WhiteElo "2300"]
[BlackElo "2246"]
[PlyCount "84"]
[EventDate "1996.??.??"]

1. e4 e5 2. d4 d6 3. Nf3 Nd7 4. Bc4 Be7 5. Nc3 c6 6. a4 Ngf6 7. O-O O-O 8. Ba2
Rb8 9. h3 b6 10. Be3 a6 11. Qe2 Bb7 12. Rfd1 Qc7 13. Nh2 exd4 14. Bxd4 c5 15.
Bxf6 Bxf6 16. Ng4 Bd4 17. Nd5 Bxd5 18. Bxd5 Bxb2 19. Rab1 Bd4 20. Qxa6 h5 21.
Nh2 Nf6 22. Qc4 Qe7 23. c3 Nxd5 24. exd5 Bf6 25. Re1 Qd7 26. Nf1 Ra8 27. Re4
Rfb8 28. Ng3 g6 29. f4 h4 30. Nf1 Ra5 31. Ne3 Rba8 32. Ng4 Bg7 33. Qe2 Rxa4 34.
Rxa4 Rxa4 35. Rf1 f5 36. Ne3 Re4 37. Qd3 b5 38. Nd1 c4 39. Qc2 Qa7+ 40. Kh2 Bh6
41. Rf3 Qe7 42. Qf2 Bxf4+ 0-1

[Event "Kandidatklassen 1996"]
[Site "Randers"]
[Date "1996.04.02"]
[Round "1"]
[White "Johansen, Morten"]
[Black "Rasmussen, Peter"]
[Result "1/2-1/2"]
[WhiteElo "2190"]
[BlackElo "2285"]
[PlyCount "59"]
[EventDate "1996.??.??"]

1. d4 Nf6 2. c4 g6 3. Nc3 Bg7 4. e4 d6 5. f3 O-O 6. Be3 e5 7. d5 c6 8. Bd3 b5
9. cxb5 cxd5 10. exd5 e4 11. Bxe4 Nxe4 12. Nxe4 Re8 13. Kf2 f5 14. Nc3 a6 15.
g3 Rxe3 16. Kxe3 Qb6+ 17. Ke2 axb5 18. Kf1 b4 19. Nce2 Nd7 20. Kg2 Ba6 21. Nh3
Ne5 22. Nd4 Nc4 23. Nc2 Nxb2 24. Qe1 Bb5 25. Qe6+ Kh8 26. Ng5 h6 27. Nf7+ Kh7
28. h4 Re8 29. Ng5+ Kh8 30. Nf7+ 1/2-1/2

[Event "Kandidatklassen 1996"]
[Site "Randers"]
[Date "1996.04.02"]
[Round "1"]
[White "Jorgensen, Michael Brunsgaard"]
[Black "Lauritsen, Niels"]
[Result "1/2-1/2"]
[WhiteElo "2208"]
[BlackElo "2262"]
[PlyCount "38"]
[EventDate "1996.??.??"]

1. d4 d5 2. c4 c6 3. Nf3 Nf6 4. Nc3 Bf5 5. Qb3 Qb6 6. c5 Qxb3 7. axb3 Nbd7 8.
b4 h6 9. e3 g5 10. Be2 Bg7 11. O-O O-O 12. b5 Ne4 13. Rd1 e5 14. bxc6 bxc6 15.
Ra6 Rfc8 16. h3 Rc7 17. Nxe4 dxe4 18. Ne1 Be6 19. b4 Rb8 1/2-1/2

[Event "Kandidatklassen 1996"]
[Site "Randers"]
[Date "1996.04.02"]
[Round "1"]
[White "Matthiesen, Arne"]
[Black "Rewitz, Poul"]
[Result "0-1"]
[WhiteElo "2204"]
[BlackElo "2293"]
[PlyCount "180"]
[EventDate "1996.??.??"]

1. d4 d5 2. Bf4 Nf6 3. e3 Bg4 4. Be2 Bxe2 5. Qxe2 Nbd7 6. Nf3 e6 7. O-O Bd6 8.
Bg3 Bxg3 9. hxg3 Ne4 10. c4 c6 11. Nc3 O-O 12. Rfc1 Nd6 13. Nd2 dxc4 14. Nxc4
Nxc4 15. Qxc4 e5 16. Rd1 Qe7 17. d5 Nb6 18. Qb3 cxd5 19. Nxd5 Nxd5 20. Rxd5
Rfd8 21. Rad1 Rxd5 22. Qxd5 g6 23. g4 Rc8 24. Qe4 Rc6 25. g3 h6 26. Rd5 Re6 27.
Qc4 Kg7 28. Qc3 Qf6 29. e4 Re7 30. Kg2 Qg5 31. Ra5 a6 32. Rd5 Qf6 33. Qc5 Qe6
34. Qc3 Re8 35. b3 Re7 36. Rc5 f6 37. Kf3 Qd7 38. Rd5 Qc7 39. Rc5 Qb6 40. Qc4
Qd6 41. Rc8 Rf7 42. Qd5 Qd7 43. Qxd7 Rxd7 44. Ke2 Kf7 45. a3 Kg7 46. Rc3 h5 47.
gxh5 gxh5 48. Rc8 Kg6 49. Ke3 Rd1 50. Rg8+ Kf7 51. Rb8 b5 52. Rb6 Rb1 53. Rxa6
Rxb3+ 54. Ke2 Rb2+ 55. Kf3 Ra2 56. Ra5 Rb2 57. a4 Rb3+ 58. Kg2 Rb4 59. Rxb5
Rxe4 60. Rb7+ Kg6 61. a5 Ra4 62. Rb5 Kf5 63. Rc5 Ra2 64. Rb5 Ke4 65. Rb4+ Kf5
66. Rb5 Kg5 67. Kf3 Ra4 68. Kg2 h4 69. gxh4+ Kxh4 70. Rb6 Kg5 71. a6 f5 72. Rc6
Kf4 73. Rh6 e4 74. Rb6 Ra3 75. Rc6 Kg5 76. Re6 Ra2 77. Rb6 f4 78. a7 Rxa7 79.
Rb8 Rg7 80. Kf1 Ra7 81. Rb1 Kg4 82. Rb3 Ra2 83. Rc3 f3 84. Rc1 Kh3 85. Kg1 e3
86. fxe3 Kg3 87. e4 Rg2+ 88. Kh1 Rh2+ 89. Kg1 f2+ 90. Kf1 Rh1+ 0-1

[Event "Kandidatklassen 1996"]
[Site "Randers"]
[Date "1996.04.02"]
[Round "1"]
[White "Nielsen, Uffe V"]
[Black "Pedersen, Jan"]
[Result "1-0"]
[WhiteElo "2380"]
[BlackElo "2320"]
[PlyCount "75"]
[EventDate "1996.??.??"]

1. Nf3 g6 2. c4 Bg7 3. d4 d6 4. Nc3 Nf6 5. g3 O-O 6. Bg2 Nc6 7. O-O Bg4 8. d5
Bxf3 9. exf3 Ne5 10. Qe2 c6 11. f4 Ned7 12. dxc6 bxc6 13. Bxc6 Rc8 14. Bxd7
Nxd7 15. Nd5 e6 16. Ne3 Nb6 17. Rb1 d5 18. b3 dxc4 19. bxc4 Na4 20. Qc2 Qd7 21.
Rb4 Nc5 22. Rd1 Qe7 23. Ba3 Rfd8 24. Rb5 Bd4 25. Ng4 a6 26. Rbb1 h5 27. Ne5
Bxe5 28. fxe5 Qc7 29. Rd6 Rxd6 30. exd6 Qxd6 31. Rd1 Qf8 32. Qd2 f6 33. Qe3 Kf7
34. Bxc5 Rxc5 35. Rd7+ Kg8 36. Qxe6+ Kh8 37. Rf7 Qd8 38. Re7 1-0

[Event "Kandidatklassen 1996"]
[Site "Randers"]
[Date "1996.04.02"]
[Round "1"]
[White "Ochsner, Thomas"]
[Black "Ligaard, Morten Lund"]
[Result "1/2-1/2"]
[WhiteElo "2319"]
[BlackElo "2173"]
[PlyCount "94"]
[EventDate "1996.??.??"]

1. e4 e5 2. Nf3 Nc6 3. Bb5 f5 4. Nc3 fxe4 5. Nxe4 Nf6 6. Qe2 d5 7. Nxf6+ gxf6
8. d4 Bg7 9. dxe5 O-O 10. Bxc6 bxc6 11. e6 Re8 12. O-O c5 13. Qb5 Bf8 14. Bf4
Bxe6 15. b3 Bd6 16. Bxd6 Qxd6 17. Rfe1 Kh8 18. Qd3 c6 19. Re2 Bg4 20. Rae1 Rxe2
21. Rxe2 Qf4 22. Re7 Bf5 23. Qc3 Be4 24. Ne1 Qd6 25. Rf7 d4 26. Qg3 Qxg3 27.
hxg3 a5 28. a4 Rb8 29. Kf1 c4 30. bxc4 Rb4 31. f3 Bg6 32. Rxf6 Rxc4 33. Ke2
Bxc2 34. Nxc2 Rxc2+ 35. Kd3 Rxg2 36. g4 Ra2 37. Rxc6 Rxa4 38. f4 Rb4 39. Rc8+
Kg7 40. Rc7+ Kg6 41. Rc6+ Kg7 42. g5 a4 43. Ra6 Kf7 44. f5 Rb5 45. Ke4 d3 46.
Rxa4 d2 47. Ra7+ Ke8 1/2-1/2

[Event "Kandidatklassen 1996"]
[Site "Randers"]
[Date "1996.04.02"]
[Round "1"]
[White "Pedersen, Finn"]
[Black "Abildlund, Jens"]
[Result "1-0"]
[WhiteElo "2333"]
[BlackElo "2209"]
[PlyCount "61"]
[EventDate "1996.??.??"]

1. Nf3 Nf6 2. g3 g6 3. b3 Bg7 4. Bb2 d6 5. d4 O-O 6. Bg2 c5 7. O-O Nc6 8. e3
Bg4 9. h3 Bd7 10. c4 Qc8 11. Kh2 Ne4 12. Nbd2 Nf6 13. Qe2 Qc7 14. Rfd1 Rae8 15.
d5 Nd8 16. Nf1 e5 17. dxe6 fxe6 18. e4 d5 19. e5 Nh5 20. cxd5 exd5 21. b4 Ne6
22. bxc5 Qxc5 23. Ne3 d4 24. Nxd4 Bxe5 25. Nb3 Bb5 26. Nxc5 Bxe2 27. Bxe5 Bxd1
28. Nxe6 Rxe6 29. Bd5 Rxf2+ 30. Kg1 Kf7 31. Kxf2 1-0

[Event "Kandidatklassen 1996"]
[Site "Randers"]
[Date "1996.04.02"]
[Round "1"]
[White "Pedersen, Nicolai Vesterbaek"]
[Black "Larsen, Tom"]
[Result "1/2-1/2"]
[WhiteElo "2275"]
[BlackElo "2096"]
[PlyCount "66"]
[EventDate "1996.??.??"]

1. e4 e5 2. Nf3 Nc6 3. Nc3 g6 4. d4 exd4 5. Nxd4 Bg7 6. Be3 Nge7 7. Qd2 O-O 8.
O-O-O d6 9. h4 h5 10. f3 Ne5 11. Bh6 N7c6 12. Bxg7 Kxg7 13. Nd5 Be6 14. Nb5 Rc8
15. Qc3 Kh7 16. Be2 a6 17. Nd4 Bxd5 18. exd5 Nxd4 19. Rxd4 f5 20. f4 Nd7 21.
Rdd1 Qf6 22. Qxf6 Nxf6 23. Bf3 Rfe8 24. Rhe1 Rxe1 25. Rxe1 Re8 26. Rxe8 Nxe8
27. Kd2 Kg7 28. Kd3 Kf7 29. Kd4 Ke7 30. c4 Nf6 31. b4 Kd7 32. c5 Kc8 33. a3 Kb8
1/2-1/2

[Event "Kandidatklassen 1996"]
[Site "Randers"]
[Date "1996.04.02"]
[Round "1"]
[White "Pilgaard, Kim"]
[Black "Hoiberg, Erling"]
[Result "1-0"]
[WhiteElo "2339"]
[BlackElo "2206"]
[PlyCount "55"]
[EventDate "1996.??.??"]

1. e4 c5 2. Nf3 e6 3. d3 Nc6 4. g3 d5 5. Nbd2 g6 6. Bg2 Bg7 7. O-O Nge7 8. Re1
O-O 9. e5 Qc7 10. Qe2 b6 11. Nf1 h6 12. h4 Bb7 13. c3 Rac8 14. Bf4 Rfd8 15.
N1h2 Kh7 16. Ng4 Ng8 17. Rac1 Qe7 18. a3 a5 19. Qc2 d4 20. c4 Nb8 21. Nd2 Bxg2
22. Kxg2 g5 23. hxg5 hxg5 24. Rh1+ Nh6 25. Ne4 gxf4 26. Qe2 Rh8 27. Nxh6 Bxh6
28. Rxh6+ 1-0

[Event "Kandidatklassen 1996"]
[Site "Randers"]
[Date "1996.04.02"]
[Round "1"]
[White "Sobjerg, Erik"]
[Black "Holmsgaard, Henrik"]
[Result "1/2-1/2"]
[WhiteElo "2303"]
[BlackElo "2248"]
[PlyCount "76"]
[EventDate "1996.??.??"]

1. e4 c5 2. Nf3 e6 3. d4 cxd4 4. Nxd4 Nf6 5. Nc3 Nc6 6. Bf4 d6 7. Nxc6 bxc6 8.
e5 Nd5 9. Nxd5 cxd5 10. Bd3 Ba6 11. O-O Bxd3 12. Qxd3 dxe5 13. Bxe5 f6 14. Bg3
Bd6 15. c4 Bxg3 16. hxg3 O-O 17. cxd5 Qxd5 18. Qxd5 exd5 19. Rfd1 Rfd8 20. Rac1
Rd7 21. Kf1 Kf7 22. Rc6 Re8 23. Re1 Re4 24. Rxe4 dxe4 25. Ke2 f5 26. b4 g5 27.
b5 f4 28. gxf4 gxf4 29. Rh6 Kg8 30. Rf6 Rd5 31. a4 Rd4 32. a5 Rb4 33. b6 Rb2+
34. Ke1 axb6 35. axb6 e3 36. fxe3 fxe3 37. Re6 Kf7 38. Rxe3 Rxb6 1/2-1/2

[Event "Kandidatklassen 1996"]
[Site "Randers"]
[Date "1996.04.03"]
[Round "2"]
[White "Christensen, Thomas K"]
[Black "Jacobsen, Bo"]
[Result "0-1"]
[WhiteElo "2180"]
[BlackElo "2287"]
[PlyCount "62"]
[EventDate "1996.??.??"]

1. d4 Nf6 2. c4 c5 3. d5 e5 4. Nc3 d6 5. e4 Be7 6. Nf3 Nbd7 7. Bd3 Nf8 8. h3 h5
9. b4 b6 10. bxc5 bxc5 11. Bc2 Ng6 12. Ba4+ Bd7 13. g3 O-O 14. Bxd7 Qxd7 15.
Ng5 h4 16. O-O Rfb8 17. Kg2 Bd8 18. Qd3 Ba5 19. Nd1 Qd8 20. Ne3 Rb7 21. Nf5
Rab8 22. Qf3 Rb4 23. Bd2 Ra4 24. Bxa5 Rxa5 25. gxh4 Ra4 26. Kh2 Nf4 27. Rg1 Qa5
28. Nxd6 Ra3 29. Qd1 Rb2 30. Rb1 Qc3 31. Rg3 Qxg3+ 0-1

[Event "Kandidatklassen 1996"]
[Site "Randers"]
[Date "1996.04.03"]
[Round "2"]
[White "Hoiberg, Erling"]
[Black "Abildlund, Jens"]
[Result "1-0"]
[WhiteElo "2206"]
[BlackElo "2209"]
[PlyCount "80"]
[EventDate "1996.??.??"]

1. d4 Nf6 2. Nf3 g6 3. Bg5 Bg7 4. Nbd2 c5 5. Bxf6 Bxf6 6. Ne4 Bg7 7. Nxc5 Nc6
8. c3 d6 9. Ne4 O-O 10. e3 Qc7 11. Be2 e5 12. d5 Ne7 13. c4 f5 14. Nc3 h6 15.
Qd2 Bd7 16. O-O-O a6 17. Kb1 Qa5 18. Rc1 Rfc8 19. Ne4 Qc7 20. Ng3 b6 21. h4 Qa7
22. Qb4 Rc5 23. e4 b5 24. Bd3 Rb8 25. Qd2 bxc4 26. Bxc4 Qb6 27. Ka1 Bb5 28. Bb3
Rbc8 29. Rxc5 Qxc5 30. Re1 a5 31. a4 Bd7 32. Ka2 Kh7 33. h5 g5 34. exf5 Ng8 35.
Ne4 Qb6 36. Nfxg5+ hxg5 37. Nxg5+ Kh8 38. Nf7+ Kh7 39. Qg5 Nh6 40. f6 Rg8 1-0

[Event "Kandidatklassen 1996"]
[Site "Randers"]
[Date "1996.04.03"]
[Round "2"]
[White "Holmsgaard, Henrik"]
[Black "Ligaard, Morten Lund"]
[Result "1/2-1/2"]
[WhiteElo "2248"]
[BlackElo "2173"]
[PlyCount "46"]
[EventDate "1996.??.??"]

1. Nf3 d5 2. c4 c6 3. d4 e6 4. g3 Nf6 5. Bg2 Nbd7 6. Qc2 Be7 7. O-O O-O 8. b3
Ne4 9. Ba3 Bxa3 10. Nxa3 Qe7 11. Nb1 b6 12. Nc3 Nxc3 13. Qxc3 Bb7 14. b4 c5 15.
bxc5 bxc5 16. Rab1 Nb6 17. cxd5 cxd4 18. Nxd4 Bxd5 19. Bxd5 Nxd5 20. Qa5 Rfc8
21. Rfc1 h6 22. e4 Nb6 23. Qa6 Qd7 1/2-1/2

[Event "Kandidatklassen 1996"]
[Site "Randers"]
[Date "1996.04.03"]
[Round "2"]
[White "Johansen, Morten"]
[Black "Brondum, Eric"]
[Result "1/2-1/2"]
[WhiteElo "2190"]
[BlackElo "2227"]
[PlyCount "56"]
[EventDate "1996.??.??"]

1. d4 Nf6 2. c4 g6 3. Nc3 Bg7 4. e4 d6 5. f3 O-O 6. Be3 e5 7. d5 Nh5 8. Qd2
Qh4+ 9. g3 Nxg3 10. Qf2 Nxf1 11. Qxh4 Nxe3 12. Ke2 Nxc4 13. Rc1 Na6 14. b3 Nb6
15. Nh3 Bd7 16. Nf2 h5 17. Nd3 Rae8 18. a4 c6 19. a5 Nc8 20. b4 Ne7 21. b5 cxb5
22. Rb1 Nc7 23. Rhc1 Bh6 24. Rg1 Bg7 25. Na2 Na6 26. Nc3 Nc7 27. Na2 Na6 28.
Nc3 Nc7 1/2-1/2

[Event "Kandidatklassen 1996"]
[Site "Randers"]
[Date "1996.04.03"]
[Round "2"]
[White "Jorgensen, Michael Brunsgaard"]
[Black "Pedersen, Nicolai Vesterbaek"]
[Result "0-1"]
[WhiteElo "2208"]
[BlackElo "2275"]
[PlyCount "76"]
[EventDate "1996.??.??"]

1. d4 Nf6 2. c4 g6 3. Nc3 Bg7 4. e4 d6 5. f3 O-O 6. Be3 c5 7. dxc5 dxc5 8. Qxd8
Rxd8 9. Bxc5 Nc6 10. Nd5 Nd7 11. Bxe7 Nxe7 12. Nxe7+ Kf8 13. Nd5 Bxb2 14. Rb1
Bg7 15. Nh3 Nc5 16. Nf2 Be6 17. Be2 Rac8 18. O-O b6 19. Rfc1 Na4 20. Rb4 Bxd5
21. Rxa4 b5 22. exd5 bxa4 23. Nd3 Bd4+ 24. Kf1 Be3 25. Rc3 Rxd5 26. Nb4 Re5 27.
Ra3 Bc5 28. Rxa4 Rce8 29. Nd3 Rxe2 30. Nxc5 Re1+ 31. Kf2 R8e2+ 32. Kg3 Rg1 33.
a3 Rgxg2+ 34. Kf4 Rxh2 35. Ne4 f5 36. Rxa7 fxe4 37. Ke5 Rh5+ 38. Kf6 Rf5+ 0-1

[Event "Kandidatklassen 1996"]
[Site "Randers"]
[Date "1996.04.03"]
[Round "2"]
[White "Lauritsen, Niels"]
[Black "Larsen, Tom"]
[Result "1-0"]
[WhiteElo "2262"]
[BlackElo "2096"]
[PlyCount "83"]
[EventDate "1996.??.??"]

1. Nc3 g6 2. d4 Bg7 3. e4 d6 4. g3 c6 5. a4 a5 6. Bg2 Nf6 7. Nge2 O-O 8. O-O e5
9. h3 Nbd7 10. Be3 Qc7 11. Qd2 Re8 12. Rad1 Nb6 13. b3 Bf8 14. f4 Nbd7 15. g4
Bg7 16. Ng3 Nf8 17. dxe5 dxe5 18. f5 N6d7 19. Rf3 b6 20. Bf1 Ba6 21. Bxa6 Rxa6
22. Rdf1 Qd8 23. g5 f6 24. fxg6 hxg6 25. gxf6 Nxf6 26. Qxd8 Rxd8 27. Rxf6 Bxf6
28. Rxf6 Rc8 29. Bh6 Nd7 30. Rxg6+ Kh7 31. Rd6 Nc5 32. Be3 Ra7 33. Nf5 Rg8+ 34.
Kh2 Rg6 35. Bxc5 bxc5 36. Rxg6 Kxg6 37. Nd6 Kg5 38. Kg3 Kf6 39. Nc4 Rg7+ 40.
Kf3 Ra7 41. Nd1 Rh7 42. Nf2 1-0

[Event "Kandidatklassen 1996"]
[Site "Randers"]
[Date "1996.04.03"]
[Round "2"]
[White "Matthiesen, Arne"]
[Black "Hoiberg, Nina"]
[Result "1/2-1/2"]
[WhiteElo "2204"]
[BlackElo "2300"]
[PlyCount "55"]
[EventDate "1996.??.??"]

1. e4 e5 2. Bc4 Nf6 3. d3 Bc5 4. Nc3 O-O 5. Bg5 c6 6. Nf3 d6 7. h3 Be6 8. O-O
b5 9. Bb3 Nbd7 10. Ne2 h6 11. Bh4 d5 12. exd5 cxd5 13. Bxf6 Qxf6 14. Nc3 Nb6
15. d4 exd4 16. Nxb5 Nc4 17. Rb1 Ne5 18. Nbxd4 Ng6 19. c3 Nf4 20. Bc2 Bxd4 21.
cxd4 Rac8 22. Kh2 Nxg2 23. Kxg2 Rxc2 24. Qxc2 Bxh3+ 25. Kxh3 Qxf3+ 26. Kh2 Qf4+
27. Kh3 Qf3+ 28. Kh2 1/2-1/2

[Event "Kandidatklassen 1996"]
[Site "Randers"]
[Date "1996.04.03"]
[Round "2"]
[White "Nielsen, Uffe V"]
[Black "Hansen, Lars"]
[Result "1-0"]
[WhiteElo "2380"]
[BlackElo "2225"]
[PlyCount "89"]
[EventDate "1996.??.??"]

1. c4 g6 2. d4 Bg7 3. Nf3 d6 4. Nc3 Bg4 5. e3 e5 6. Be2 Nd7 7. O-O Ne7 8. b3
O-O 9. Bb2 c6 10. Ne4 d5 11. cxd5 cxd5 12. Nc3 e4 13. Nd2 Be6 14. Ba3 Re8 15.
Nb5 Qa5 16. Bd6 Rac8 17. b4 Qd8 18. Nxa7 Ra8 19. Nb5 Nf5 20. Bc7 Qe7 21. Qb3 h5
22. Rac1 Rec8 23. h3 Ra6 24. Bh2 Rxc1 25. Rxc1 Nh4 26. Bf1 Qg5 27. Bf4 Qe7 28.
Nc7 Rc6 29. Rb1 g5 30. Bh2 g4 31. Nxe6 fxe6 32. hxg4 hxg4 33. a4 Nf5 34. Bf4
Qf7 35. b5 Rc8 36. Qd1 Nf6 37. Rc1 Rxc1 38. Qxc1 Nh5 39. Qc7 Kf8 40. a5 Qxc7
41. Bxc7 g3 42. a6 bxa6 43. bxa6 gxf2+ 44. Kxf2 Nxd4 45. a7 1-0

[Event "Kandidatklassen 1996"]
[Site "Randers"]
[Date "1996.04.03"]
[Round "2"]
[White "Pedersen, Daniel Vesterbaek"]
[Black "Thuesen, Mogens Henrik"]
[Result "0-1"]
[WhiteElo "2281"]
[BlackElo "2230"]
[PlyCount "77"]
[EventDate "1996.??.??"]

1. e4 e6 2. d4 d5 3. Nc3 Nf6 4. Bg5 dxe4 5. Nxe4 Be7 6. Bxf6 gxf6 7. g3 f5 8.
Nc3 Bf6 9. Nf3 Nc6 10. Ne2 Qd6 11. c3 h5 12. h4 Ne7 13. Bg2 Bd7 14. Qd2 Bc6 15.
O-O-O Bg7 16. Ne1 Bh6 17. Nf4 Nd5 18. Ned3 O-O-O 19. Rhg1 Nxf4 20. gxf4 Bxg2
21. Rxg2 Qd5 22. Rg3 Qxa2 23. Ne5 Qa1+ 24. Kc2 Qa4+ 25. Kc1 Rhf8 26. c4 Qe8 27.
Ra3 a6 28. Kb1 f6 29. Nd3 Rxd4 30. Qb4 Qc6 31. Rc1 Qe4 32. Rcc3 Rfd8 33. f3 Qc6
34. Rab3 Bf8 35. Qa5 Qxf3 36. Nc5 Qd1+ 37. Ka2 Bxc5 38. Qxc5 R4d6 39. Qa7 0-1

[Event "Kandidatklassen 1996"]
[Site "Randers"]
[Date "1996.04.03"]
[Round "2"]
[White "Pedersen, Jan"]
[Black "Hartvig, Ove Weiss"]
[Result "1-0"]
[WhiteElo "2320"]
[BlackElo "2315"]
[PlyCount "101"]
[EventDate "1996.??.??"]

1. e4 c5 2. Nf3 Nf6 3. Nc3 Nc6 4. d4 d5 5. exd5 Nxd5 6. Nxd5 Qxd5 7. Be3 cxd4
8. Nxd4 Nxd4 9. Qxd4 Qxd4 10. Bxd4 Bd7 11. Bc4 Bc6 12. O-O e6 13. f4 a6 14. f5
O-O-O 15. c3 e5 16. Bb6 Rd2 17. Rf2 Rxf2 18. Kxf2 Be7 19. Bxf7 Bd7 20. Be6 Rf8
21. Ke3 Bxe6 22. fxe6 Rf6 23. Ke4 Rxe6 24. Be3 Rg6 25. g3 Bd6 26. Rf1 Kd7 27.
Kd5 Ke7 28. Rf5 h6 29. Bc5 Re6 30. Bb6 Rg6 31. Be3 Re6 32. Bb6 Rg6 33. Bf2 Re6
34. Ke4 g6 35. Rf3 h5 36. Be3 Kd7 37. Rf7+ Kc6 38. Bg5 Bc5 39. h3 b5 40. g4
hxg4 41. hxg4 a5 42. Rf3 a4 43. b3 axb3 44. axb3 b4 45. c4 Bd4 46. Rf8 Bc3 47.
Rf6 Rxf6 48. Bxf6 Kd6 49. Bg7 Ke6 50. c5 Bd4 51. c6 1-0

[Event "Kandidatklassen 1996"]
[Site "Randers"]
[Date "1996.04.03"]
[Round "2"]
[White "Pilgaard, Kim"]
[Black "Pedersen, Finn"]
[Result "0-1"]
[WhiteElo "2339"]
[BlackElo "2333"]
[PlyCount "78"]
[EventDate "1996.??.??"]

1. e4 c6 2. d4 d5 3. e5 Bf5 4. Nc3 Qb6 5. Bd3 Bxd3 6. Qxd3 e6 7. Nge2 Qa6 8.
Qh3 b5 9. b3 Nd7 10. Qd3 Ba3 11. O-O Ne7 12. Nb1 Bxc1 13. Rxc1 c5 14. Nbc3 c4
15. Qd1 b4 16. Na4 Qb7 17. a3 O-O 18. axb4 Qxb4 19. Nac3 Nb6 20. Ra6 Rfc8 21.
Rca1 cxb3 22. cxb3 Nc6 23. h3 Nb8 24. Na2 Qb5 25. Ra3 Rc7 26. Nac3 Qb4 27. Qd3
a6 28. Kh2 h6 29. f4 Nc6 30. f5 exf5 31. Qxf5 Nxd4 32. Nxd4 Rxc3 33. Ne2 Re3
34. Rxa6 Rxa6 35. Rxa6 Rxe2 36. Ra7 Qf8 37. Rb7 Na8 38. Qf4 Re4 39. Qf5 Rb4 0-1

[Event "Kandidatklassen 1996"]
[Site "Randers"]
[Date "1996.04.03"]
[Round "2"]
[White "Rasmussen, Peter"]
[Black "Olesen, Poul Erik Norgaard"]
[Result "1-0"]
[WhiteElo "2285"]
[BlackElo "2136"]
[PlyCount "81"]
[EventDate "1996.??.??"]

1. d4 Nf6 2. c4 c5 3. Nf3 cxd4 4. Nxd4 d5 5. cxd5 Nxd5 6. e4 Nb4 7. Qa4+ N8c6
8. Nxc6 Nxc6 9. Bg5 Qd4 10. Bb5 Qxa4 11. Bxa4 Bd7 12. Nc3 h6 13. Be3 e6 14. O-O
a6 15. Bb6 Ne5 16. Rfd1 Bc6 17. Rac1 Be7 18. Bc7 Bf6 19. f4 Nc4 20. Bxc6+ bxc6
21. e5 Bd8 22. Bxd8 Rxd8 23. Rxd8+ Kxd8 24. Ne4 Na5 25. Rc5 Nb7 26. Rxc6 Kd7
27. Rxa6 Rc8 28. Rb6 Rc1+ 29. Kf2 Rc2+ 30. Kf3 Na5 31. b4 Nc6 32. Rb7+ Kd8 33.
a4 Nd4+ 34. Ke3 Nf5+ 35. Kf3 Nd4+ 36. Kg3 Nf5+ 37. Kh3 Ra2 38. a5 Ra3+ 39. g3
g5 40. fxg5 Re3 41. a6 1-0

[Event "Kandidatklassen 1996"]
[Site "Randers"]
[Date "1996.04.03"]
[Round "2"]
[White "Rewitz, Poul"]
[Black "Friis, Carsten Bank"]
[Result "0-1"]
[WhiteElo "2293"]
[BlackElo "2246"]
[PlyCount "124"]
[EventDate "1996.??.??"]

1. e4 e5 2. Nf3 Nc6 3. d4 exd4 4. Nxd4 d6 5. Nxc6 bxc6 6. Bd3 Ne7 7. O-O Ng6 8.
Nd2 Be7 9. Nc4 O-O 10. b3 Bd7 11. Re1 f5 12. exf5 Bxf5 13. Bxf5 Rxf5 14. Qe2
Qd7 15. Qe6+ Qxe6 16. Rxe6 Bf6 17. Bb2 Bxb2 18. Nxb2 Ne5 19. Re7 Rc8 20. Nd3
Kf8 21. Re6 Kf7 22. Rxe5 dxe5 23. Re1 e4 24. Rxe4 Re8 25. Rxe8 Kxe8 26. Kf1 Kd7
27. Ke2 Kd6 28. h4 Rf6 29. Nb2 Kd5 30. Ke3 Re6+ 31. Kd2 Rf6 32. Ke3 Re6+ 33.
Kd2 Re4 34. g3 Re7 35. Nc4 Ke4 36. Ke2 Kd4+ 37. Kd2 Ke4 38. Ke2 h6 39. Ne3 Rf7
40. c3 Rf8 41. Nc4 Re8 42. f3+ Kd5+ 43. Ne3+ Ke5 44. h5 Re7 45. Kf2 Rd7 46. Ke2
c5 47. f4+ Ke4 48. Ng4 Rd6 49. Nf2+ Kd5 50. Nd3 Ra6 51. a4 Re6+ 52. Kd2 c4 53.
bxc4+ Kxc4 54. Ne5+ Kb3 55. Kd3 Kxa4 56. Kc4 Rd6 57. g4 Rd2 58. g5 hxg5 59.
fxg5 Rh2 60. h6 gxh6 61. gxh6 Rxh6 62. Nf3 a5 0-1

[Event "Kandidatklassen 1996"]
[Site "Randers"]
[Date "1996.04.03"]
[Round "2"]
[White "Sobjerg, Erik"]
[Black "Ochsner, Thomas"]
[Result "0-1"]
[WhiteElo "2303"]
[BlackElo "2319"]
[PlyCount "138"]
[EventDate "1996.??.??"]

1. e4 e5 2. Bc4 Nc6 3. Nc3 Nf6 4. d3 Na5 5. Nge2 Nxc4 6. dxc4 d6 7. Qd3 Be7 8.
Bg5 O-O 9. Ng3 c6 10. O-O Be6 11. Rad1 Qc7 12. Nf5 Bxf5 13. exf5 Rad8 14. Bxf6
Bxf6 15. Rfe1 Qe7 16. Qf3 Rd7 17. Rd3 Rfd8 18. b3 a6 19. g3 g6 20. Red1 Bh8 21.
Qe4 Bg7 22. h4 gxf5 23. Qxf5 Qe6 24. Qxe6 fxe6 25. Ne4 d5 26. f3 b6 27. c5 b5
28. g4 Rf7 29. Ng5 Rf6 30. Re1 h6 31. Nh3 Rdf8 32. Kg2 R6f7 33. b4 a5 34. a3
axb4 35. axb4 Ra8 36. g5 Ra2 37. Re2 Rf5 38. Rb3 Kf7 39. Kg3 Ke7 40. Kg2 hxg5
41. hxg5 Kf7 42. Rbe3 Bf8 43. Kg3 Bg7 44. Rb3 Kg6 45. Rbe3 Rf8 46. Rxe5 Bxe5+
47. Rxe5 Re8 48. Nf4+ Kf7 49. Nd3 Rxc2 50. Re1 Kg6 51. Kf4 Rf8+ 52. Ke5 Rxf3
53. Nf4+ Rxf4 54. Kxf4 Kf7 55. Ra1 Re2 56. Ra7+ Kg6 57. Rc7 Re4+ 58. Kf3 Kxg5
59. Rxc6 Kf6 60. Rb6 Rxb4 61. Ke3 Ke5 62. Kd3 Rd4+ 63. Ke3 Re4+ 64. Kd3 b4 65.
Rb8 Rc4 66. Rb5 b3 67. Rxb3 Rxc5 68. Rb1 Ra5 69. Rh1 Ra3+ 0-1